| 000 | 00557nam a2200217Ia 4500 | ||
|---|---|---|---|
| 003 | GCL | ||
| 008 | 140319s9999 xx 000 0 eng d | ||
| 040 |
_aGCL / _cGCL |
||
| 082 | 0 | 4 |
_a708 _bBP |
| 100 | 1 | _aBOARD OF EDUCATION | |
| 245 | 1 | 0 |
_aA PICTURE BOOK OF COREAN POTTERY / _cBOARD OF EDUCATION |
| 260 |
_a[S.N] : _bBOARD OF EDUCATION |
||
| 300 | _a20 | ||
| 490 |
_aVICTORIA AND ALBERT MUSAUM _v0 |
||
| 650 | 0 | 4 | _aحسن فتحى |
| 650 | 0 | 4 | _aNEDDLE WORKS |
| 650 | 0 | 4 | _aPAINTING |
| 650 | 0 | 4 | _aPOTTERY |
| 650 | 0 | 4 | _aART - HISTORY |
| 942 |
_2ddc _cBK |
||
| 999 |
_c21168 _d21168 |
||